000 01716nam a2200325 a 4500
001 BRCA_2734
005 20190320203939.0
008 041208s1897----sp-a---###---#000-0#spa-u
041 _aspa
044 _asp
084 _a230
_b.S45
_c1897
100 1 _aCervantes Saavedra, Miguel de
_d1547-1616
_9213
245 1 0 _aEl Ingenioso Hidalgo Don Quijote de la Mancha
_cpor Miguel de Cervantes Saavedra.
260 _aBarcelona
_bMiguel Segui
_c1897
300 _a2 v.
_bil. (algunas a color)
_c27 cm.
500 _aContenido : v 1. Primera parte. Retrato de Cervantes por Seriñá. Dedicatoria del autor. Prólogo del autor. Versos preliminares. -- v 2. Segunda parte. Dedicatoria del autor. Prólogo del autor. Texto
500 _aHermosa edición, bien impresa con tipos grandes y claros, pero en papel inferior. Sigue el texto de la edición de 1608, de Cuesta. Las ilustraciones que adornan son de Pahissa y de Seriñá, las de éste peores que las d aquél. Contiene un precioso retrato de Cervantes pintado por Seriñá Lúdovik Osterc
500 _aEstado físico : Las primeras hojas del volumen 1 se encuentran por desprenderse
500 _aCon ex-libris de : Sello de la Biblioteca psrticular de la casa editorial Gallach
500 _aIncluye índice : De láminas
500 _aQM1008A
650 1 4 _aNovela española
_yÉpoca clásica, 1500-1700
_9215
650 1 4 _aLiteratura española
_yÉpoca clásica, 1500-1700
_9216
650 1 4 _aNovela española
_ySiglo XVII
_9217
650 1 4 _aDon Quijote (Personaje ficticio)
_eNovela
_9218
700 1 _aPahissa Laporta, Jaume
_d1846-1928
_eIlustrador
_97716
740 0 _aEl Ingenioso Hidalgo Don Quijote de la Mancha
902 _aQFM
942 _2lcc
_cB
999 _c2474
_d2474